[Event "VIE-chT (Women)"]
[Site "Bac Giang"]
[Date "2013.08.18"]
[Round "7"]
[White "Doan Thi Hong, Nhung"]
[Black "Doan Thi Van, Anh"]
[Result "1/2-1/2"]
[WhiteElo "1856"]
[BlackElo "2015"]
[PlyCount "135"]
[EventDate "2013.08.14"]
[EventType "team-swiss"]
[EventRounds "11"]
[EventCountry "VIE"]
[SourceTitle "CBM 156 Extra"]
[Source "ChessBase"]
[SourceDate "2013.10.22"]
[SourceVersion "1"]
[SourceVersionDate "2013.10.22"]
[SourceQuality "1"]

1. d4 Nf6 2. c4 e6 3. Bg5 c5 4. d5 exd5 5. cxd5 d6 6. Nc3 Be7 7. Nf3 Bf5 8. Nh4 Bd7 9. Nf3 h6 10. Bh4 0-0 11. Qb3 Na6 12. e3 Nb4 13. Bxf6 Bxf6 14. a3 Qa5 15. Rc1 Nc6 16. Bd3 b5 17. Bb1 b4 18. axb4 Nxb4 19. 0-0 Rab8 20. Ne4 Be7 21. Ng3 g6 22. Nd2 Na2 23. Qxa2 Qxa2 24. Bxa2 Rxb2 25. Nc4 Rxa2 26. Ra1 Rxa1 27. Rxa1 Bb5 28. Na5 a6 29. Nc6 Bxc6 30. dxc6 Ra8 31. Ne4 a5 32. Rb1 Rc8 33. Rb6 a4 34. Ra6 a3 35. Nc3 Kf8 36. Kf1 Bf6 37. Nd5 Rxc6 38. Rxa3 Kg7 39. Ke2 c4 40. Kd2 Bb2 41. Ra2 Rc5 42. Rxb2 Rxd5+ 43. Kc3 Rg5 44. f4 Rc5 45. Kd4 Kf6 46. Rc2 Kf5 47. h3 h5 48. g3 g5 49. e4+ Kg6 50. e5 Rc6 51. Kd5 Rc5+ 52. Kxd6 Rc8 53. fxg5 Kxg5 54. Kd5 c3 55. Kd4 Kf5 56. Rxc3 Rxc3 57. Kxc3 Ke4 58. Kc4 Kf3 59. Kd5 Kxg3 60. Kd6 h4 61. Ke7 Kf4 62. Kf6 Ke4 63. Kg5 Kxe5 64. Kxh4 Kf4 65. Kh5 Kf5 66. Kh6 f6 67. h4 Kg4 68. Kg6 1/2-1/2

[Event "VIE-ch U20 Girls"]
[Site "Da Lat"]
[Date "2013.07.??"]
[Round "1"]
[White "Doan Thi Van, Anh"]
[Black "Ho, Thi Tinh"]
[Result "1-0"]
[WhiteElo "2015"]
[BlackElo "1991"]
[PlyCount "47"]
[EventDate "2013.07.13"]
[EventType "tourn"]
[EventRounds "9"]
[EventCountry "VIE"]
[SourceTitle "EXT 2014"]
[Source "ChessBase"]
[SourceDate "2013.11.20"]
[SourceVersion "1"]
[SourceVersionDate "2013.11.20"]
[SourceQuality "1"]

1. d4 Nf6 2. c4 e6 3. Nc3 Bb4 4. Bg5 b6 5. e4 h6 6. Bxf6 Qxf6 7. e5 Qg6 8. Qd2 Bb7 9. f3 f6 10. Bd3 Qf7 11. Qc2 f5 12. 0-0-0 Nc6 13. Nge2 0-0-0 14. a3 Bf8 15. h4 d6 16. exd6 Bxd6 17. d5 Ne5 18. dxe6 Nxd3+ 19. Qxd3 Qh5 20. Nd5 Rhe8 21. Nd4 Be5 22. Nxf5 c6 23. g4 Rxd5 24. cxd5 1-0

[Event "VIE-ch U20 Girls"]
[Site "Da Lat"]
[Date "2013.07.??"]
[Round "5"]
[White "Nguyen, Thi Nhac"]
[Black "Doan Thi Van, Anh"]
[Result "0-1"]
[WhiteElo "1847"]
[BlackElo "2015"]
[PlyCount "54"]
[EventDate "2013.07.13"]
[EventType "tourn"]
[EventRounds "9"]
[EventCountry "VIE"]
[SourceTitle "EXT 2014"]
[Source "ChessBase"]
[SourceDate "2013.11.20"]
[SourceVersion "1"]
[SourceVersionDate "2013.11.20"]
[SourceQuality "1"]

1. d4 d5 2. Nf3 Nf6 3. e3 Bf5 4. c4 c6 5. Nc3 e6 6. Bd3 Bg4 7. h3 Bh5 8. 0-0 Nbd7 9. b3 Bd6 10. Bb2 0-0 11. Rc1 Rc8 12. Re1 Bb8 13. g4 Bg6 14. e4 dxe4 15. Nxe4 Nxe4 16. Bxe4 f5 17. Bd3 fxg4 18. hxg4 Qf6 19. Bxg6 Qxg6 20. Ne5 Nxe5 21. dxe5 Rf4 22. f3 Rcf8 23. Rc3 Bc7 24. Rd3 Bb6+ 25. Kg2 Rxf3 26. Rxf3 Qxg4+ 27. Kh2 Rxf3 0-1

[Event "VIE-ch U20 Girls"]
[Site "Da Lat"]
[Date "2013.07.??"]
[Round "3"]
[White "Nguyen Tran Ngoc, Thuy"]
[Black "Doan Thi Van, Anh"]
[Result "0-1"]
[WhiteElo "1887"]
[BlackElo "2015"]
[PlyCount "140"]
[EventDate "2013.07.13"]
[EventType "tourn"]
[EventRounds "9"]
[EventCountry "VIE"]
[SourceTitle "EXT 2014"]
[Source "ChessBase"]
[SourceDate "2013.11.20"]
[SourceVersion "1"]
[SourceVersionDate "2013.11.20"]
[SourceQuality "1"]

1. e4 c6 2. d4 d5 3. exd5 cxd5 4. c4 dxc4 5. Bxc4 Nf6 6. Nf3 e6 7. 0-0 Nc6 8. Nc3 Nb4 9. Bg5 Be7 10. a3 Nbd5 11. Bxf6 Bxf6 12. Bxd5 exd5 13. Qb3 Be6 14. Qxb7 0-0 15. Qa6 Bg4 16. Qd3 Qd6 17. Ne5 Bxe5 18. dxe5 Qxe5 19. Qxd5 Qf6 20. Qe4 Bf5 21. Qf3 Rae8 22. Rfe1 Qg6 23. Re3 Bg4 24. Qf4 Rxe3 25. Qxe3 Qc2 26. h3 Be6 27. Qe2 Qb3 28. Rd1 h6 29. Rd4 Rb8 30. Rd2 a5 31. Ne4 Rc8 32. Nc3 Qb8 33. Rd4 Rd8 34. Rxd8+ Qxd8 35. Qd1 Qg5 36. Ne4 Qg6 37. Ng3 Qf6 38. b4 axb4 39. axb4 Qc3 40. b5 Qa5 41. Qb1 Qb6 42. Ne2 Bd5 43. Nc3 Bb7 44. Qd3 Qe6 45. Qe3 Qxe3 46. fxe3 Kf8 47. Na4 Ke7 48. Nc5 Bd5 49. e4 Kd6 50. Na4 Bxe4 51. Kf2 Bd3 52. g3 Bxb5 53. Nc3 Bd7 54. h4 Ke5 55. Ke3 Kf5 56. Ne2 Kg4 57. Kf2 Bc6 58. Nd4 Bd5 59. Nc2 Be4 60. Ne3+ Kh3 61. Nc4 f5 62. Ne3 f4 63. gxf4 Kxh4 64. Nf1 Kg4 65. Ke3 Bd5 66. Kd4 Bc6 67. Ke5 Bd7 68. f5 h5 69. f6 gxf6+ 70. Kxf6 h4 0-1

[Event "ASEAN-ch U20 Girls 14th"]
[Site "Chiangmai"]
[Date "2013.06.12"]
[Round "8"]
[White "Doan Thi Van, Anh"]
[Black "Karenza, Dita"]
[Result "1-0"]
[WhiteElo "2000"]
[BlackElo "1908"]
[PlyCount "67"]
[EventDate "2013.06.08"]
[EventType "swiss"]
[EventRounds "9"]
[EventCountry "THA"]
[SourceTitle "EXT 2014"]
[Source "ChessBase"]
[SourceDate "2013.11.20"]
[SourceVersion "1"]
[SourceVersionDate "2013.11.20"]
[SourceQuality "1"]

1. d4 Nf6 2. Nf3 e6 3. Bf4 d5 4. e3 Bd6 5. Ne5 Nfd7 6. Bd3 Nxe5 7. dxe5 Be7 8. Qg4 g5 9. Bxg5 Bxg5 10. f4 Bh6 11. Bxh7 Qe7 12. c3 Bd7 13. Nd2 c5 14. 0-0-0 Nc6 15. Bc2 0-0-0 16. h4 Kb8 17. Qf3 d4 18. g4 dxc3 19. bxc3 c4 20. Nxc4 Qc5 21. Nd6 Qxc3 22. Rd3 Qa1+ 23. Kd2 Qxa2 24. Rb1 Bc8 25. Rdb3 Ka8 26. R1b2 Qa5+ 27. Ke2 Rxd6 28. exd6 Bg7 29. Rb1 Qa6+ 30. Kf2 Na5 31. Rb5 Nc4 32. d7 Na3 33. dxc8Q+ Rxc8 34. Rxb7 1-0

[Event "ASEAN-ch U20 Girls 14th"]
[Site "Chiangmai"]
[Date "2013.06.11"]
[Round "6"]
[White "Doan Thi Van, Anh"]
[Black "Hoang T Thu, Hien"]
[Result "1/2-1/2"]
[WhiteElo "2000"]
[BlackElo "2210"]
[PlyCount "63"]
[EventDate "2013.06.08"]
[EventType "swiss"]
[EventRounds "9"]
[EventCountry "THA"]
[SourceTitle "EXT 2014"]
[Source "ChessBase"]
[SourceDate "2013.11.20"]
[SourceVersion "1"]
[SourceVersionDate "2013.11.20"]
[SourceQuality "1"]

1. e4 c6 2. d4 d5 3. Nc3 dxe4 4. Nxe4 Nf6 5. Nxf6+ exf6 6. Nf3 Bd6 7. c3 0-0 8. Be3 Re8 9. Bd3 Nd7 10. 0-0 Nf8 11. h3 Qc7 12. Re1 Bd7 13. Nh4 Bf4 14. Qf3 Bxe3 15. Rxe3 Rxe3 16. Qxe3 Re8 17. Qd2 Qd6 18. Nf5 Bxf5 19. Bxf5 g6 20. Bc2 Kg7 21. Re1 Rxe1+ 22. Qxe1 Qe6 23. Qxe6 fxe6 24. Bb3 Kf7 25. Kf1 Ke7 26. Ke2 Kd6 27. Ke3 Nd7 28. f4 f5 29. Bd1 Nf6 30. Bf3 Nd5+ 31. Bxd5 exd5 32. Kd3 1/2-1/2

[Event "VIE-ch (Women)"]
[Site "Ho Chi Minh City"]
[Date "2013.04.17"]
[Round "5"]
[White "Doan Thi Hong, Nhung"]
[Black "Doan Thi Van, Anh"]
[Result "0-1"]
[WhiteElo "1866"]
[BlackElo "2004"]
[PlyCount "70"]
[EventDate "2013.04.15"]
[EventType "swiss"]
[EventRounds "7"]
[EventCountry "VIE"]
[SourceTitle "CBM 154 Extra"]
[Source "ChessBase"]
[SourceDate "2013.06.25"]
[SourceVersion "2"]
[SourceVersionDate "2013.06.25"]
[SourceQuality "1"]

1. d4 d5 2. c4 c6 3. Nf3 Nf6 4. cxd5 cxd5 5. Nc3 Nc6 6. Bf4 Qb6 7. Qd2 Bf5 8. e3 e6 9. Ne5 Bb4 10. Bd3 Ne4 11. Bxe4 Bxe4 12. f3 Bf5 13. Nxc6 Qxc6 14. Rc1 Qa6 15. a3 Ba5 16. b4 Bb6 17. a4 0-0 18. b5 Qa5 19. Qb2 Rfc8 20. 0-0 Rc4 21. Bg3 Bd8 22. Qa3 h6 23. Rfd1 a6 24. bxa6 Qxa6 25. Ra1 Ba5 26. Rdc1 Rac8 27. Nb5 Bb4 28. Rxc4 Rxc4 29. Qa2 Bc2 30. Nc7 Qa5 31. h3 Bd2 32. Kh2 Bxe3 33. Nb5 Rxa4 34. Na3 Bxd4 35. Rc1 Bg6 0-1

[Event "VIE-ch (Women)"]
[Site "Ho Chi Minh City"]
[Date "2013.04.17"]
[Round "4"]
[White "Doan Thi Van, Anh"]
[Black "Nguyen, Xuan Nhi"]
[Result "1-0"]
[WhiteElo "2004"]
[BlackElo "1685"]
[PlyCount "75"]
[EventDate "2013.04.15"]
[EventType "swiss"]
[EventRounds "7"]
[EventCountry "VIE"]
[SourceTitle "CBM 154 Extra"]
[Source "ChessBase"]
[SourceDate "2013.06.25"]
[SourceVersion "2"]
[SourceVersionDate "2013.06.25"]
[SourceQuality "1"]

1. e4 c6 2. d4 d5 3. exd5 cxd5 4. c3 Bf5 5. Nf3 e6 6. Bf4 Bd6 7. Ne5 Nc6 8. Bb5 Nge7 9. Nd2 0-0 10. g4 Be4 11. f3 Bxe5 12. dxe5 Bg6 13. h4 Qb6 14. Bxc6 Nxc6 15. Nb3 h6 16. Qe2 d4 17. h5 Bh7 18. Rd1 Rad8 19. c4 d3 20. Qd2 Nd4 21. Nxd4 Qxd4 22. b3 f6 23. exf6 Rxf6 24. Be3 Qe5 25. 0-0 Rdf8 26. f4 Qe4 27. Rde1 Qc6 28. Rf2 b6 29. Bd4 R6f7 30. Re5 a6 31. Qe3 b5 32. Rxe6 Qc7 33. Bc5 Rxf4 34. Rxf4 Qxf4 35. Qxf4 Rxf4 36. Re8+ Kf7 37. Rf8+ Ke6 38. Rxf4 1-0

[Event "Ho Chi Minh City HD Bank op 3rd"]
[Site "Ho Chi Minh City"]
[Date "2013.03.21"]
[Round "4"]
[White "Tran Thi Mong, Thu"]
[Black "Doan Thi Van, Anh"]
[Result "0-1"]
[WhiteElo "1841"]
[BlackElo "1980"]
[PlyCount "86"]
[EventDate "2013.03.19"]
[EventType "swiss"]
[EventRounds "9"]
[EventCountry "VIE"]
[SourceTitle "CBM 153 Extra"]
[Source "ChessBase"]
[SourceDate "2013.04.22"]
[SourceVersion "1"]
[SourceVersionDate "2013.04.22"]
[SourceQuality "1"]

1. e4 c6 2. d4 d5 3. Bd3 dxe4 4. Bxe4 Nf6 5. Bf3 Bf5 6. Ne2 e6 7. 0-0 Bd6 8. c4 0-0 9. Nbc3 Nbd7 10. Ng3 Bg6 11. Be3 a6 12. a3 Qc7 13. Qd2 Rad8 14. Rac1 Qb8 15. b4 Rfe8 16. Rfe1 e5 17. d5 e4 18. Bd1 Ne5 19. Be2 cxd5 20. Nxd5 Nxd5 21. cxd5 Nd3 22. Bxd3 exd3 23. Nf1 Re5 24. Bb6 Rd7 25. Ne3 Rh5 26. g3 h6 27. Rc4 Kh7 28. Qc1 Re7 29. Qd1 Qe8 30. Qf3 Qb5 31. Bc5 Qxc4 32. Bxd6 Rxe3 33. Qxe3 Rxd5 34. Bf4 Qb3 35. Qc1 Qa2 36. Rd1 Qe2 37. Qd2 Qf3 38. Re1 Be4 39. Rxe4 Qxe4 40. h4 Rd8 41. Be3 Rc8 42. h5 Rc2 43. Qd1 d2 0-1

[Event "VIE-ch (Women)"]
[Site "Ho Chi Minh City"]
[Date "2012.11.30"]
[Round "3"]
[White "Doan Thi Van, Anh"]
[Black "Tran Thi Mong, Thu"]
[Result "1-0"]
[WhiteElo "1991"]
[BlackElo "1847"]
[PlyCount "131"]
[EventDate "2012.11.29"]
[EventType "swiss"]
[EventRounds "9"]
[EventCountry "VIE"]
[SourceTitle "CBM 151 Extra"]
[Source "ChessBase"]
[SourceDate "2012.12.18"]
[SourceVersion "1"]
[SourceVersionDate "2012.12.18"]
[SourceQuality "1"]

1. d4 d5 2. Nf3 Nf6 3. c4 c6 4. Nc3 g6 5. Bf4 Bg7 6. cxd5 cxd5 7. Bxb8 Rxb8 8. Qa4+ Bd7 9. Qxa7 0-0 10. Qa3 Re8 11. e3 Qb6 12. Qb3 Qa5 13. Bd3 b5 14. Ne5 b4 15. Nxd7 bxc3 16. Nxf6+ Bxf6 17. Qxc3 Qb6 18. 0-0 e5 19. Qc5 exd4 20. exd4 Bxd4 21. Qxd5 Qxb2 22. Rab1 Qc3 23. Bc4 Bxf2+ 24. Kh1 Qf6 25. Qxf7+ Qxf7 26. Bxf7+ Kxf7 27. Rxf2+ Kg7 28. Ra1 Ra8 29. Kg1 Ra3 30. Rf3 Ra4 31. Kf2 h5 32. a3 Rb8 33. Ra2 g5 34. Ke2 Kg6 35. Kd2 Rb6 36. Kc2 Re4 37. Kd3 Rh4 38. h3 Ra4 39. Kc3 Rb5 40. Rd3 Ra6 41. a4 Rc6+ 42. Kd2 Rf5 43. Ke2 Rcf6 44. Rf3 Re6+ 45. Kd3 Ra5 46. Kc3 Re4 47. Kb3 Rd4 48. Rc3 Kf6 49. Rc4 Rd1 50. Kb4 Re5 51. Rc6+ Ke7 52. Rac2 Rb1+ 53. Ka3 Ra1+ 54. Kb3 Re3+ 55. Kb4 Re4+ 56. R6c4 Re3 57. Kb5 Rb1+ 58. Ka6 Re6+ 59. Rc6 Re4 60. a5 Kd7 61. Rb6 Ra1 62. Rb7+ Kd6 63. Rb5 Kd7 64. Kb7 Rea4 65. Rd2+ Ke6 66. Rdd5 1-0

[Event "VIE-chT (Women)"]
[Site "Hanoi"]
[Date "2012.09.26"]
[Round "9"]
[White "Le, Phu Nguyen Thao"]
[Black "Doan Thi Van, Anh"]
[Result "1-0"]
[WhiteElo "2050"]
[BlackElo "1980"]
[PlyCount "103"]
[EventDate "2012.09.21"]
[EventType "team-tourn"]
[EventRounds "9"]
[EventCountry "VIE"]
[SourceTitle "CBM 150 Extra"]
[Source "ChessBase"]
[SourceDate "2012.10.19"]
[SourceVersion "1"]
[SourceVersionDate "2012.10.19"]
[SourceQuality "1"]

1. Nf3 Nf6 2. g3 d5 3. Bg2 c6 4. 0-0 Bf5 5. b3 h6 6. Bb2 e6 7. c4 Be7 8. d4 0-0 9. Nbd2 Nbd7 10. Ne5 Qc7 11. Ndf3 Be4 12. Qd2 Rad8 13. Nxd7 Nxd7 14. Bc3 Bf6 15. cxd5 Bxd5 16. Rac1 e5 17. dxe5 Nxe5 18. Qc2 Nxf3+ 19. exf3 Bxc3 20. Qxc3 Rfe8 21. Rfe1 Be6 22. f4 Qd7 23. Qb4 Bf5 24. Be4 Bh3 25. a4 Re6 26. Bg2 Bxg2 27. Kxg2 h5 28. Rxe6 Qxe6 29. h4 Qd5+ 30. Kg1 b6 31. Qe7 c5 32. Re1 g6 33. Re5 Qd1+ 34. Re1 Qd5 35. f5 Rf8 36. f6 Qxb3 37. Qxa7 c4 38. Re3 Qd1+ 39. Kg2 Qd5+ 40. Kg1 Qd1+ 41. Kg2 Qd5+ 42. Kg1 Qc6 43. Qe7 Qxa4 44. Qd6 Qa1+ 45. Kg2 b5 46. Re5 Qa8+ 47. Kh2 Rd8 48. Qe7 c3 49. Rxb5 Rd1 50. Rb7 Kh8 51. Qxf7 Qg8 52. Rb8 1-0

[Event "VIE-chT (Women)"]
[Site "Hanoi"]
[Date "2012.09.24"]
[Round "6"]
[White "Doan Thi Van, Anh"]
[Black "Nguyen, Truong Bao Tran"]
[Result "1-0"]
[WhiteElo "1980"]
[BlackElo "1885"]
[PlyCount "140"]
[EventDate "2012.09.21"]
[EventType "team-tourn"]
[EventRounds "9"]
[EventCountry "VIE"]
[SourceTitle "CBM 150 Extra"]
[Source "ChessBase"]
[SourceDate "2012.10.19"]
[SourceVersion "1"]
[SourceVersionDate "2012.10.19"]
[SourceQuality "1"]

1. d4 Nf6 2. Nf3 g6 3. Bf4 d6 4. c3 Bg7 5. e3 0-0 6. Bd3 Nh5 7. Bg5 Qe8 8. Nbd2 e5 9. dxe5 dxe5 10. h3 Nc6 11. g4 Nf6 12. Bxf6 Bxf6 13. Ne4 Bg7 14. Nfd2 a6 15. g5 Qd8 16. Qe2 Bf5 17. h4 Qe7 18. f3 Rad8 19. h5 Rxd3 20. Qxd3 Qxg5 21. Nxg5 Bxd3 22. hxg6 Bxg6 23. Ke2 Rd8 24. Rag1 Ne7 25. e4 b5 26. Nb3 Nc6 27. Rd1 Bf8 28. Rxd8 Nxd8 29. Rd1 Bd6 30. Nc5 a5 31. Nh3 Kf8 32. a3 Ke7 33. Nb3 Nb7 34. Nf2 f6 35. Ng4 f5 36. exf5 Bxf5 37. Ne3 Bg6 38. Nd2 Nc5 39. b4 axb4 40. axb4 Nd3 41. Ne4 Nf4+ 42. Kf2 Ke6 43. Ra1 Nh3+ 44. Kg3 Bxe4 45. Kxh3 Bxf3 46. Ra5 Be2 47. Ra6 e4 48. Kg2 h5 49. Ra8 Bf4 50. Re8+ Kd7 51. Rxe4 Bxe3 52. Rxe3 Bg4 53. Re5 c6 54. Kg3 Kd6 55. Rg5 Be2 56. Kf2 Bg4 57. Ke3 Ke6 58. Ke4 Kd6 59. Rg6+ Kd7 60. Rf6 Be6 61. Ke5 Bg4 62. Rf7+ Ke8 63. Rh7 Be2 64. Kf4 Bg4 65. Rc7 Bd7 66. Ke5 Ke7 67. Ra7 h4 68. Ra8 Be8 69. Kf4 h3 70. Kg3 Bd7 1-0

[Event "ASEAN-ch U20 Girls 13th"]
[Site "Hue"]
[Date "2012.06.15"]
[Round "5"]
[White "Jelsen, Yemi"]
[Black "Doan Thi Van, Anh"]
[Result "0-1"]
[WhiteElo "2007"]
[BlackElo "1962"]
[PlyCount "56"]
[EventDate "2012.06.11"]
[EventType "swiss"]
[EventRounds "9"]
[EventCountry "VIE"]
[SourceTitle "CBM 149 Extra"]
[Source "ChessBase"]
[SourceDate "2012.08.24"]
[SourceVersion "1"]
[SourceVersionDate "2012.08.24"]
[SourceQuality "1"]

1. d4 d5 2. c4 c6 3. Nc3 dxc4 4. a4 Nf6 5. e3 Bf5 6. Bxc4 e6 7. Nf3 Bb4 8. 0-0 0-0 9. Qe2 Ne4 10. Nxe4 Bxe4 11. Ne5 Nd7 12. Nxd7 Qxd7 13. f3 Bg6 14. Rd1 Rad8 15. e4 Rfe8 16. Bg5 Rc8 17. Qf2 h6 18. Be3 Qc7 19. Bd3 Red8 20. f4 c5 21. Rac1 Bh5 22. Rf1 Qe7 23. f5 cxd4 24. Bxd4 Rxc1 25. Rxc1 e5 26. f6 Qxf6 27. Bxa7 Qxf2+ 28. Kxf2 Rxd3 0-1

[Event "ASEAN-ch U20 Girls 13th"]
[Site "Hue"]
[Date "2012.06.12"]
[Round "2"]
[White "Le, Hoang Tran Chau"]
[Black "Doan Thi Van, Anh"]
[Result "0-1"]
[WhiteElo "2096"]
[BlackElo "1962"]
[PlyCount "78"]
[EventDate "2012.06.11"]
[EventType "swiss"]
[EventRounds "9"]
[EventCountry "VIE"]
[SourceTitle "CBM 149 Extra"]
[Source "ChessBase"]
[SourceDate "2012.08.24"]
[SourceVersion "1"]
[SourceVersionDate "2012.08.24"]
[SourceQuality "1"]

1. d4 d5 2. Nf3 c6 3. Bf4 e6 4. e3 Qb6 5. Qc1 Nf6 6. Bd3 Nh5 7. Bxb8 Rxb8 8. 0-0 Be7 9. Nc3 0-0 10. e4 Qc7 11. e5 f6 12. Ne2 Bd7 13. g4 fxe5 14. Nxe5 Nf6 15. g5 Ne4 16. Bxe4 dxe4 17. Ng3 Bd6 18. Nxd7 Qxd7 19. Nxe4 Bf4 20. Nf6+ Rxf6 21. Qe1 Rg6 22. h4 Qd5 23. f3 Qxd4+ 24. Kg2 Rd8 25. Rd1 Qxd1 26. Qxd1 Rxd1 27. Rxd1 h6 28. Rd8+ Kh7 29. Rd7 hxg5 30. h5 Rh6 31. Rxb7 Rxh5 32. Rxa7 Rh2+ 33. Kf1 Rxc2 34. Rb7 Be5 35. Re7 Bxb2 36. Rxe6 Bd4 37. a4 c5 38. Re2 Rc1+ 39. Kg2 Ra1 0-1

[Event "VIE-ch (Women)"]
[Site "Can Tho"]
[Date "2012.03.23"]
[Round "8"]
[White "Pham Thi Thu, Hien"]
[Black "Doan Thi Van, Anh"]
[Result "1/2-1/2"]
[WhiteElo "2116"]
[BlackElo "1992"]
[PlyCount "63"]
[EventDate "2012.03.19"]
[EventType "swiss"]
[EventRounds "9"]
[EventCountry "VIE"]
[SourceTitle "EXT 2013"]
[Source "ChessBase"]
[SourceDate "2012.11.22"]
[SourceVersion "1"]
[SourceVersionDate "2012.11.22"]
[SourceQuality "1"]

1. d4 d5 2. c4 c6 3. Nc3 Nf6 4. cxd5 cxd5 5. Nf3 Nc6 6. Bf4 e6 7. e3 Bd6 8. Bxd6 Qxd6 9. a3 0-0 10. Bd3 a6 11. 0-0 b5 12. b4 Bb7 13. Rc1 Rac8 14. Qb3 h6 15. h3 Rc7 16. Rc2 Rfc8 17. Rfc1 Nb8 18. Ne2 Nbd7 19. Rxc7 Rxc7 20. Rxc7 Qxc7 21. Qc3 Qxc3 22. Nxc3 Nb6 23. Ne5 Nc4 24. Bxc4 dxc4 25. a4 Nd5 26. Nxd5 Bxd5 27. axb5 axb5 28. f3 f6 29. Ng4 Kf7 30. Kf1 Ke7 31. Ke2 Kd6 32. Kd2 1/2-1/2

[Event "VIE-ch (Women)"]
[Site "Can Tho"]
[Date "2012.03.21"]
[Round "4"]
[White "Doan Thi Van, Anh"]
[Black "Nguyen, Truong Bao Tran"]
[Result "0-1"]
[WhiteElo "1992"]
[BlackElo "1908"]
[PlyCount "74"]
[EventDate "2012.03.19"]
[EventType "swiss"]
[EventRounds "9"]
[EventCountry "VIE"]
[SourceTitle "EXT 2013"]
[Source "ChessBase"]
[SourceDate "2012.11.22"]
[SourceVersion "1"]
[SourceVersionDate "2012.11.22"]
[SourceQuality "1"]

1. d4 Nf6 2. Nf3 g6 3. g3 d6 4. Bg2 Bg7 5. 0-0 0-0 6. c4 Nbd7 7. Nc3 e5 8. a3 h6 9. d5 Nh7 10. e4 Nb6 11. Qd3 Bg4 12. b4 Nc8 13. Bd2 Qd7 14. c5 f5 15. Nh4 Ne7 16. f3 fxe4 17. fxe4 a6 18. Be3 g5 19. Nf3 Rf7 20. a4 Raf8 21. Nd2 Nf6 22. b5 Bh3 23. c6 bxc6 24. bxc6 Qc8 25. Rab1 Ng6 26. Rb7 Bxg2 27. Kxg2 Nh5 28. Rxf7 Rxf7 29. Qe2 Nhf4+ 30. gxf4 exf4 31. Rb3 fxe3 32. Qxe3 Bxc3 33. Rxc3 Qg4+ 34. Kh1 Qd1+ 35. Qg1 Qxd2 36. Rb3 Qc2 37. Rb8+ Kh7 0-1

[Event "VIE-ch (Women)"]
[Site "Can Tho"]
[Date "2012.03.19"]
[Round "1"]
[White "Le, Thanh Tu"]
[Black "Doan Thi Van, Anh"]
[Result "1/2-1/2"]
[WhiteElo "2331"]
[BlackElo "1992"]
[PlyCount "95"]
[EventDate "2012.03.19"]
[EventType "swiss"]
[EventRounds "9"]
[EventCountry "VIE"]
[SourceTitle "EXT 2013"]
[Source "ChessBase"]
[SourceDate "2012.11.22"]
[SourceVersion "1"]
[SourceVersionDate "2012.11.22"]
[SourceQuality "1"]

1. d4 d5 2. c4 c6 3. Nf3 e6 4. g3 dxc4 5. Bg2 b5 6. a4 Bb7 7. 0-0 Nf6 8. Ne5 Qb6 9. Nc3 Be7 10. e4 0-0 11. Be3 a6 12. Qe2 c5 13. d5 exd5 14. Nxd5 Nxd5 15. exd5 Rd8 16. Rfd1 Bf6 17. Ng4 Nd7 18. Nxf6+ Nxf6 19. Bg5 h6 20. a5 Qd6 21. Bf4 Qd7 22. Be3 Rac8 23. d6 Bxg2 24. Kxg2 Qc6+ 25. Qf3 Rxd6 26. Rxd6 Qxd6 27. Rd1 Qe7 28. Qf5 Qe4+ 29. Qxe4 Nxe4 30. f3 Nf6 31. Rd6 Re8 32. Kf2 Re6 33. Rd8+ Kh7 34. Bxc5 Rc6 35. Bb4 Re6 36. h4 g5 37. hxg5 hxg5 38. g4 Ne8 39. Rd5 Kg6 40. Bd2 f6 41. Bb4 Re5 42. Rd7 Ng7 43. Rd6 Re6 44. Rb6 Kf7 45. Rb7+ Kg6 46. Rb6 Kf7 47. Rb7+ Kg6 48. Rb6 1/2-1/2

[Event "Ho Chi Minh City HD Bank op 2nd"]
[Site "Ho Chi Minh City"]
[Date "2012.03.06"]
[Round "8"]
[White "Ton, Nu Hong An"]
[Black "Doan Thi Van, Anh"]
[Result "1-0"]
[WhiteElo "1987"]
[BlackElo "1992"]
[PlyCount "95"]
[EventDate "2012.03.02"]
[EventType "swiss"]
[EventRounds "9"]
[EventCountry "VIE"]
[SourceTitle "CBM 147 Extra"]
[Source "ChessBase"]
[SourceDate "2012.04.24"]
[SourceVersion "1"]
[SourceVersionDate "2012.04.24"]
[SourceQuality "1"]

1. d4 d5 2. Nf3 Nf6 3. e3 Bf5 4. Nbd2 e6 5. b3 Bd6 6. Bb2 Nbd7 7. Ne5 0-0 8. Be2 Ne4 9. Nxe4 Bxe4 10. f3 Bf5 11. g4 Qh4+ 12. Kd2 Bxe5 13. dxe5 Bg6 14. Qe1 Qxe1+ 15. Raxe1 c5 16. h4 h6 17. Reg1 Rfd8 18. h5 Bh7 19. g5 hxg5 20. Rxg5 Nf8 21. Rhg1 g6 22. Kc1 Rac8 23. c4 a6 24. a4 Rc7 25. f4 Rcd7 26. cxd5 Rxd5 27. Bc3 Rb8 28. e4 Rd7 29. a5 b5 30. axb6 Rxb6 31. Bc4 Kg7 32. f5 Ra7 33. Ba5 Rc6 34. Bd8 Rd7 35. Bf6+ Kg8 36. Rd1 Rxd1+ 37. Kxd1 a5 38. Ke2 Rb6 39. Bd8 Rc6 40. Bxa5 Kg7 41. Bb5 Rc8 42. Rg1 Ra8 43. Bc7 Ra2+ 44. Kd3 Rh2 45. hxg6 fxg6 46. Bd6 Rh5 47. f6+ Kf7 48. Ra1 1-0

[Event "Ho Chi Minh City HD Bank op 2nd"]
[Site "Ho Chi Minh City"]
[Date "2012.03.03"]
[Round "3"]
[White "Doan Thi Van, Anh"]
[Black "Kuich, Gero"]
[Result "1-0"]
[WhiteElo "1992"]
[BlackElo "1855"]
[PlyCount "87"]
[EventDate "2012.03.02"]
[EventType "swiss"]
[EventRounds "9"]
[EventCountry "VIE"]
[SourceTitle "CBM 147 Extra"]
[Source "ChessBase"]
[SourceDate "2012.04.24"]
[SourceVersion "1"]
[SourceVersionDate "2012.04.24"]
[SourceQuality "1"]

1. d4 Nf6 2. Nf3 g6 3. g3 Bg7 4. Bg2 0-0 5. 0-0 d5 6. b3 Nbd7 7. Bb2 c5 8. Nbd2 b6 9. c4 Bb7 10. Ne5 cxd4 11. Bxd4 Nxe5 12. Bxe5 e6 13. Qc2 Rc8 14. Qb2 Nh5 15. Rfd1 Bxe5 16. Qxe5 Qf6 17. f4 Qxe5 18. fxe5 Rfd8 19. Rac1 Rd7 20. Bf3 Ng7 21. cxd5 Rxc1 22. Rxc1 exd5 23. e4 d4 24. Nc4 Ne6 25. Nd6 Kf8 26. Bg4 Ke7 27. Rf1 Rxd6 28. exd6+ Kxd6 29. Rxf7 Bxe4 30. Bxe6 Kxe6 31. Rxh7 Bc2 32. Kf2 a5 33. Rb7 Kd5 34. Rxb6 Kc5 35. Rb8 Bb1 36. a4 Kd5 37. Ke2 Ke4 38. b4 Bc2 39. bxa5 Bxa4 40. a6 Bc6 41. a7 d3+ 42. Kd2 Kf3 43. a8Q Bxa8 44. Rxa8 1-0

[Event "VIE-ch (Women)"]
[Site "Da Lat"]
[Date "2011.03.26"]
[Round "9"]
[White "Le, Hoang Tran Chau"]
[Black "Doan Thi Van, Anh"]
[Result "0-1"]
[WhiteElo "2092"]
[BlackElo "1891"]
[PlyCount "100"]
[EventDate "2011.03.20"]
[EventType "swiss"]
[EventRounds "11"]
[EventCountry "VIE"]
[SourceTitle "CBM 141 Extra"]
[Source "ChessBase"]
[SourceDate "2011.05.03"]
[SourceVersion "1"]
[SourceVersionDate "2011.05.03"]
[SourceQuality "1"]

1. d4 d5 2. Nf3 Nf6 3. c4 c6 4. Nc3 dxc4 5. a4 Bf5 6. Ne5 e6 7. Nxc4 c5 8. Be3 cxd4 9. Bxd4 Nc6 10. Bxf6 Qxf6 11. e4 Rd8 12. Qc1 Bg6 13. Nd2 Bc5 14. Nf3 Bh5 15. Qg5 Qxg5 16. Nxg5 0-0 17. Bc4 Ne5 18. Bf1 Rd4 19. Nh3 Rfd8 20. Nf4 Rd2 21. Be2 Bxe2 22. Nfxe2 Rxb2 23. 0-0 Rdd2 24. Rab1 Rxe2 25. Nxe2 Rxe2 26. Rxb7 g6 27. Rb5 Nd3 28. Rd1 Rxe4 29. Kf1 Bb4 30. f3 Rd4 31. g3 Bc3 32. Ke2 Nb2 33. Rxd4 Bxd4 34. a5 e5 35. Rb4 Kf8 36. Kd2 Ke7 37. Kc2 Kd6 38. g4 h6 39. h4 Kd5 40. Rb7 f5 41. h5 gxh5 42. gxf5 e4 43. Rd7+ Ke5 44. Rxd4 Kxd4 45. f6 e3 46. f7 e2 47. Kd2 Nd3 48. Kxe2 Nf4+ 49. Kf2 Ng6 50. Kg3 Ke5 0-1